000 00587 a2200181 4500
003 OSt
005 20230417093342.0
008 220801s2013 sp a||||r|||| 00| 0 spa d
020 _a9788415886754
040 _cCHAP
082 0 0 _a630.76
_b G94
_222
245 0 0 _aGuía para el docente y solucionarios :
_bactividades auxiliares en agricultura /
264 1 _aAntequera, Málaga :
_bIC Editorial,
_c2013.
300 _a156 páginas.
_bilustraciones.
650 2 _9186696
_aAgricultura
_xMetodología
_xEvaluación
650 2 _91474
_aAgricultura
_xEstudio y enseñanza
942 _2ddc
_cLIBRO
999 _c217451
_d217451